00662nam a2200217Ia 4500003000400000008004100004020002300045040000800068100001400076245004300090250000900133260003700142300001000179365001100189901002100200902004400221903005800265942001200323952009200335999001700427LDD181029s9999 xx 000 0 und d a8184481101c195.00 cLDD aGupta, LC 0aPractical Nursing ProcedurescLC Gupta a3ed. aNew DelhibJaypee Brothersc2006 a551p. b195.00 a4222b05-02-2008 a122/KBC/2007-08b15-02-2008cFdKBCe61 aDiscount-15bReqst by : Bimla Kapoor  2ddccBK 00102ddc4070980078aLDDbLDDl0o610.73 G959P-3p063412r2021-09-10w2018-11-01yBK c80079d80079